000 01229nam a22003497a 4500
003 CHAP
005 20220329143716.0
008 110318s2010 fr r 00010 eng u
010 _a100695
011 _a101667
020 _a9789251066058
035 _a112355
040 _cCHAP
082 _a639.21638
_bF21y v.89
110 2 _aFAO. Comisión General de Pesca para el Mediterráneo
_939486
245 1 0 _aPresent market situation and prospects of Meagre (Argyrosomus regius), as an emerging species in mediterranean aquaculture
_c/por Marie Christine Monfort
260 0 0 _aRome :
_bFAO,
_c2010
300 _avii, 28 p. :
_bilus., gráfs., tablas
490 0 _aFAO. Studies and reviews
_v; 89
590 _aBATCH-UPD
_b10
_c20130110
_lUCH01
_h1103
590 _aCONVERSION
_b10
_c20130109
_lUCH01
_h1355
650 1 4 _aArgyrosomus.
_97030
650 1 4 _aOferta y demanda.
_982790
650 1 4 _aPescado
_xConsumo.
_987446
650 1 4 _aPescado
_xMercadeo.
_987450
650 1 4 _aPiscicultura.
_988531
700 1 _aMonfort, Marie Christine
_977511
830 0 0 _aFAO. Studies and reviews
_v; 89
_939702
901 _aBK
942 _cLIBRO
949 _a639.21638 F21y v.89
_bBC
_cFAO
_d33724002235686
_eFAO1
_gDonaciØn
_i112355
_sb
999 _c100695
_d100695